Nouveaux dictionnaires de poche: espagnol-francais et francais-espagnol

Guardat en:
Dades bibliogràfiques
Autor principal: Tolhausen, Louis (Autor)
Format: Llibre
Idioma:francès
Publicat: Leipzig Bernhard Tauchnitz 1920
Edició:8a. ed
Matèries:
Etiquetes: Afegir etiqueta
Sense etiquetes, Sigues el primer a etiquetar aquest registre!

MARC

LEADER 00000nam a2200000 a 4500
001 UCW8961
003 CL-VaPUC
008 881114e19200000GW |||||||||||||||||fre|d
082 0 4 |a 443.61  |b TOL  |2 21 
100 0 |a Tolhausen, Louis  |e author  |9 314143 
245 1 0 |a Nouveaux dictionnaires de poche: espagnol-francais et francais-espagnol 
250 |a 8a. ed 
300 |a 206 p 
942 |c BK 
945 |d 19881114 00:00:00 
260 |a Leipzig  |b Bernhard Tauchnitz  |c 1920 
650 0 |a Español  |9 255372 
650 0 |a Diccionarios  |9 256200 
650 7 |a FRANCES  |2 CL-VaPUC  |9 259059 
583 |a last modification  |c 19881114 00:00:00  |k Rodrigo Vera 
999 |c 221106  |d 221104 
952 |0 0  |1 0  |4 0  |6 443_610000000000000_TOL_1920  |7 0  |8 F  |9 214084  |a BIBEDU  |b BIBEDU  |d 2019-11-15  |i 2825643  |o 443.61 TOL 1920  |p 2825643  |r 2023-01-13  |w 2019-11-15  |y BK_F  |k LIT